| 000 | 00323cam a2200109ua 4500 | ||
|---|---|---|---|
| 082 |
_a621.823 _bGEN?KI |
||
| 100 |
_aGenta, G . _91545 |
||
| 245 | _aKinetic Energy Storag: Theory and Practice of Advanced Flywheel System / | ||
| 260 |
_aLondon : _bButterworth &Co (Publishers) Ltd. , _c1985. |
||
| 300 | _a362 ; . | ||
| 942 | _cBK | ||
| 999 |
_c7593 _d7593 |
||